[Event "POL-chT3 Mazowiecki"]
[Site "Warsaw"]
[Date "2011.03.20"]
[Round "9.24"]
[White "Borysiak, Boguslaw"]
[Black "Przedmojski, Rafal"]
[Result "0-1"]
[WhiteElo "2131"]
[BlackElo "2376"]
[PlyCount "122"]
[EventDate "2011.01.09"]
[EventType "team-tourn"]
[EventRounds "10"]
[EventCountry "POL"]
[SourceTitle "EXT 2015"]
[Source "ChessBase"]
[SourceDate "2014.11.20"]
[SourceVersion "1"]
[SourceVersionDate "2014.11.20"]
[SourceQuality "1"]
[WhiteTeam "Warszawa Hetman"]
[BlackTeam "Warszawa KU AZS UW w II"]
[WhiteTeamCountry "POL"]
[BlackTeamCountry "POL"]

1. d4 f5 2. d5 Nf6 3. Nc3 e5 4. e4 fxe4 5. g4 h6 6. Bg2 Bb4 7. h4 d6 8. g5 Bg4 9. f3 exf3 10. Bxf3 Bxf3 11. Qxf3 e4 12. Qf5 hxg5 13. Qg6+ Kf8 14. Bxg5 Nbd7 15. 0-0-0 Bxc3 16. bxc3 Qe8 17. Qf5 Qe5 18. Qxe5 Nxe5 19. Nh3 Nf3 20. Nf4 Kf7 21. c4 Ng4 22. Rdf1 Rae8 23. Ne6 Rxe6 24. dxe6+ Kxe6 25. Kb2 c6 26. Bc1 Rh5 27. Rh3 g6 28. Kb3 b5 29. cxb5 Rxb5+ 30. Kc3 d5 31. Rhxf3 exf3 32. Rxf3 Rc5+ 33. Kb3 Rc4 34. Bg5 c5 35. c3 a5 36. a4 Re4 37. Bd8 Ne5 38. Rf2 Re3 39. Kc2 Nc4 40. Bg5 Rh3 41. Rf6+ Ke5 42. Rc6 Rh2+ 43. Kc1 Nb2 44. Rxg6 Nxa4 45. Bd8 Rh3 46. Bc7+ Kf5 47. Rg5+ Ke6 48. Re5+ Kd7 49. Bxa5 Kd6 50. Rh5 Nxc3 51. Rh8 Ne2+ 52. Kd1 Ng3 53. Ke1 d4 54. Kf2 Ne4+ 55. Kg2 Rg3+ 56. Kh2 Ra3 57. Bb6 Kc6 58. Rh6+ Kb5 59. Bc7 d3 60. Rh8 d2 61. Rd8 Ra1 0-1

[Event "POL-chT3 Mazowiecki"]
[Site "Warsaw"]
[Date "2011.01.23"]
[Round "3.13"]
[White "Borysiak, Boguslaw"]
[Black "Panczyk, Krzysztof"]
[Result "0-1"]
[WhiteElo "2131"]
[BlackElo "2334"]
[PlyCount "54"]
[EventDate "2011.01.09"]
[EventType "team-tourn"]
[EventRounds "10"]
[EventCountry "POL"]
[SourceTitle "EXT 2015"]
[Source "ChessBase"]
[SourceDate "2014.11.20"]
[SourceVersion "1"]
[SourceVersionDate "2014.11.20"]
[SourceQuality "1"]
[WhiteTeam "Warszawa Hetman"]
[BlackTeam "Siedlce KSz Skoczek"]
[WhiteTeamCountry "POL"]
[BlackTeamCountry "POL"]

1. b3 e5 2. Bb2 Nc6 3. e3 d5 4. Bb5 f6 5. Nf3 Bg4 6. h3 Bh5 7. g4 Bf7 8. Bxe5 fxe5 9. Nxe5 Qf6 10. f4 a6 11. Bxc6+ bxc6 12. 0-0 Bd6 13. d4 Ne7 14. Nd2 h5 15. g5 Qf5 16. Nxf7 Qxf7 17. Nf3 Qe6 18. Ne5 Bxe5 19. fxe5 Qxh3 20. Rf3 Qg4+ 21. Kf2 Kd7 22. c4 Raf8 23. cxd5 Nxd5 24. Rc1 Qxg5 25. Qe2 Qh4+ 26. Kg2 Qe4 27. Kf2 g5 0-1

[Event "Warsaw YMCA Summer-A 63rd"]
[Site "Warsaw"]
[Date "2009.08.28"]
[Round "9"]
[White "Borysiak, Boguslaw"]
[Black "Alvarado, Carlos"]
[Result "1-0"]
[WhiteElo "2182"]
[BlackElo "2175"]
[PlyCount "107"]
[EventDate "2009.07.02"]
[EventType "tourn"]
[EventRounds "9"]
[EventCountry "POL"]
[SourceTitle "EXT 2011"]
[Source "ChessBase"]
[SourceDate "2010.11.26"]
[SourceVersion "1"]
[SourceVersionDate "2010.11.26"]
[SourceQuality "1"]

1. d4 d5 2. Bg5 h6 3. Bh4 c6 4. Nc3 Qb6 5. Qd2 Nf6 6. 0-0-0 Nbd7 7. f3 e6 8. e4 Bb4 9. e5 Ng8 10. f4 Qa5 11. Bd3 Nb6 12. Nge2 Na4 13. a3 Nxc3 14. Nxc3 Be7 15. Bxe7 Nxe7 16. g4 b5 17. Kb1 Qb6 18. Rhf1 g6 19. Ne2 h5 20. h3 Bd7 21. Qb4 a5 22. Qc5 Rb8 23. Qxb6 Rxb6 24. Nc1 a4 25. Na2 Kd8 26. Nb4 hxg4 27. hxg4 Rh2 28. Rh1 Rg2 29. Rdg1 Rf2 30. Rf1 Rg2 31. Rh4 Be8 32. Kc1 Rb8 33. Kd1 Rc8 34. Na6 Ra8 35. Nc5 Rb8 36. Kc1 b4 37. Na6 bxa3 38. bxa3 Ra8 39. Nc5 Kc7 40. Kb2 Bd7 41. Kc3 Rg8 42. Kb4 Nc8 43. Kxa4 Be8 44. g5 Nb6+ 45. Kb4 Bd7 46. Rh7 Rf8 47. a4 Nc4 48. Bxc4 dxc4 49. c3 Bc8 50. Kxc4 Kb6 51. Rb1+ Ka5 52. Rb8 Rf2 53. Rb1 Ra2 54. Rb8 1-0

[Event "Warsaw YMCA Summer-A 63rd"]
[Site "Warsaw"]
[Date "2009.07.31"]
[Round "5"]
[White "Sanz Losada, Victoriano"]
[Black "Borysiak, Boguslaw"]
[Result "1/2-1/2"]
[WhiteElo "2204"]
[BlackElo "2182"]
[PlyCount "151"]
[EventDate "2009.07.02"]
[EventType "tourn"]
[EventRounds "9"]
[EventCountry "POL"]
[SourceTitle "EXT 2011"]
[Source "ChessBase"]
[SourceDate "2010.11.26"]
[SourceVersion "1"]
[SourceVersionDate "2010.11.26"]
[SourceQuality "1"]

1. d4 d6 2. c4 Nf6 3. Nc3 e5 4. dxe5 dxe5 5. Qxd8+ Kxd8 6. Bg5 Be6 7. e4 Nbd7 8. 0-0-0 Bc5 9. Nd5 Bxd5 10. Rxd5 Bxf2 11. Bxf6+ gxf6 12. g3 c6 13. Rd3 Kc7 14. Bh3 Rad8 15. Rxd7+ Rxd7 16. Bxd7 Kxd7 17. Nf3 Be3+ 18. Kc2 Bg5 19. Rd1+ Ke7 20. b4 h5 21. h3 Ra8 22. Rb1 b5 23. a4 bxc4 24. Kc3 Ke6 25. Kxc4 Rd8 26. Nxg5+ fxg5 27. Kc5 Rd6 28. a5 Kd7 29. b5 cxb5 30. Rxb5 Rd3 31. Rb7+ Ke6 32. Rxa7 Rxg3 33. Ra6+ Ke7 34. Kd5 Rxh3 35. Kxe5 g4 36. Ra7+ Kf8 37. Rb7 Ra3 38. Kf6 Kg8 39. Rb8+ Kh7 40. Rb5 Kh6 41. Rb8 Rf3+ 42. Ke5 Ra3 43. Kf6 Rf3+ 44. Ke5 g3 45. Rg8 h4 46. a6 Ra3 47. Rh8+ Kg5 48. Rg8+ Kh5 49. Kf5 Rxa6 50. Rg5+ Kh6 51. Rg4 Rg6 52. Rxh4+ Kg7 53. Rh1 g2 54. Rg1 Kf8 55. Ke5 Ke7 56. Kf5 Rg8 57. Ke5 f6+ 58. Kf5 Rg5+ 59. Kf4 Ke6 60. Kf3 Ke5 61. Ke3 Rg4 62. Kf3 Rf4+ 63. Kg3 Rf1 64. Rxg2 Kxe4 65. Re2+ Kd3 66. Re6 f5 67. Kg2 Rf4 68. Rf6 Ke4 69. Re6+ Kd5 70. Re3 Re4 71. Ra3 Ke5 72. Kf2 Rb4 73. Kf3 f4 74. Kf2 Kf5 75. Kf3 Rb5 76. Rc3 1/2-1/2

[Event "Warsaw op-A 01"]
[Site "Warsaw"]
[Date "2009.03.06"]
[Round "9"]
[White "Michniewski, Tomasz"]
[Black "Borysiak, Boguslaw"]
[Result "0-1"]
[WhiteElo "2190"]
[BlackElo "2182"]
[PlyCount "108"]
[EventDate "2009.01.08"]
[EventType "swiss"]
[EventRounds "11"]
[EventCountry "POL"]
[SourceTitle "EXT 2012"]
[Source "ChessBase"]
[SourceDate "2011.11.24"]
[SourceVersion "1"]
[SourceVersionDate "2011.11.24"]
[SourceQuality "1"]

1. d4 e6 2. c4 Nf6 3. Nf3 b6 4. Nc3 Bb4 5. Bg5 Bxc3+ 6. bxc3 d6 7. e3 Nbd7 8. Bd3 Bb7 9. a4 a5 10. Rb1 Rb8 11. 0-0 0-0 12. Nd2 e5 13. Qc2 h6 14. Bh4 Re8 15. Bh7+ Kh8 16. Bf5 g5 17. Bg3 e4 18. Rfd1 Qe7 19. c5 bxc5 20. Nc4 Ba6 21. Nxa5 Bd3 22. Rxd3 exd3 23. Qxd3 Rxb1+ 24. Qxb1 Rb8 25. Qa2 Rb6 26. Nc4 Ra6 27. h3 Ne4 28. Qb3 Nxg3 29. fxg3 Nb6 30. Bb1 Qe6 31. Qc2 f5 32. Nxb6 cxb6 33. g4 Qxe3+ 34. Kh1 Qe4 35. Qd1 Qe3 36. gxf5 Kg7 37. f6+ Kf8 38. dxc5 bxc5 39. Qb3 Qe1+ 40. Kh2 Qe5+ 41. Kh1 d5 42. Qb5 Rxf6 43. Qxc5+ Kg7 44. Bd3 h5 45. Bb5 g4 46. hxg4 hxg4 47. Qa7+ Rf7 48. Qd4 Qxd4 49. cxd4 g3 50. Kg1 Kh6 51. Be2 Rc7 52. a5 Rc1+ 53. Bf1 Ra1 54. a6 Kg5 0-1

[Event "Warsaw op-A 01"]
[Site "Warsaw"]
[Date "2009.01.30"]
[Round "4"]
[White "Borysiak, Boguslaw"]
[Black "Lada, Marek"]
[Result "1/2-1/2"]
[WhiteElo "2182"]
[BlackElo "2159"]
[PlyCount "71"]
[EventDate "2009.01.08"]
[EventType "swiss"]
[EventRounds "11"]
[EventCountry "POL"]
[SourceTitle "EXT 2012"]
[Source "ChessBase"]
[SourceDate "2011.11.24"]
[SourceVersion "1"]
[SourceVersionDate "2011.11.24"]
[SourceQuality "1"]

1. d4 d5 2. Nc3 e6 3. e4 Nf6 4. Bg5 Be7 5. e5 Nfd7 6. h4 Nc6 7. Qd2 h6 8. Bxe7 Qxe7 9. 0-0-0 Nb6 10. Rh3 Bd7 11. Rg3 g6 12. h5 g5 13. f4 gxf4 14. Qxf4 0-0-0 15. Rg7 Rdf8 16. Nf3 Na5 17. Qf6 Qxf6 18. exf6 Rhg8 19. Rh7 Rh8 20. Rxh8 Rxh8 21. Ne5 Be8 22. Be2 Rg8 23. Ng4 Nac4 24. Rh1 Rh8 25. Bd3 Nd6 26. b3 Nd7 27. Kd2 c5 28. Nb5 Nxb5 29. Bxb5 Nxf6 30. Nxf6 Bxb5 31. dxc5 Kd8 32. a4 Bc6 33. Rf1 Ke7 34. g4 a5 35. Ke3 e5 36. c3 1/2-1/2

[Event "POL-chT 2nd League"]
[Site "Ustron"]
[Date "2008.09.08"]
[Round "3.71"]
[White "Markiewicz, Mateusz"]
[Black "Borysiak, Boguslaw"]
[Result "0-1"]
[WhiteElo "2013"]
[BlackElo "2162"]
[PlyCount "65"]
[EventDate "2008.09.06"]
[EventType "team-swiss"]
[EventRounds "9"]
[EventCountry "POL"]
[SourceTitle "EXT 2015"]
[Source "ChessBase"]
[SourceDate "2014.11.20"]
[SourceVersion "1"]
[SourceVersionDate "2014.11.20"]
[SourceQuality "1"]
[WhiteTeam "Pilzno GKSz Hetman"]
[BlackTeam "Milanowek UKS Jedwabnik"]
[WhiteTeamCountry "POL"]
[BlackTeamCountry "POL"]

1. e4 b6 2. f4 Bb7 3. d3 e6 4. Nf3 d5 5. e5 d4 6. g3 Nc6 7. Bg2 Qd7 8. a4 0-0-0 9. 0-0 Kb8 10. Nbd2 Nge7 11. Nc4 Nd5 12. Bd2 a5 13. Rf2 Bc5 14. Ng5 Ne3 15. Qc1 Nxc4 16. dxc4 d3 17. c3 Bxf2+ 18. Kxf2 f6 19. Nf3 fxe5 20. fxe5 Rhf8 21. Kg1 Rxf3 22. Bxf3 Nxe5 23. Bxb7 Kxb7 24. Qf1 Qc6 25. Qf4 Nf3+ 26. Kf2 Nxd2 27. Qxd2 e5 28. Re1 e4 29. b3 Rf8+ 30. Kg1 Qc5+ 31. Kg2 Qf5 32. Qe3 Rd8 33. Rf1 0-1

[Event "Warsaw Elo-A"]
[Site "Warsaw"]
[Date "2008.03.14"]
[Round "11"]
[White "Zurkowski, Andrzej"]
[Black "Borysiak, Boguslaw"]
[Result "0-1"]
[WhiteElo "2081"]
[BlackElo "2186"]
[PlyCount "82"]
[EventDate "2008.01.04"]
[EventType "tourn"]
[EventRounds "13"]
[EventCountry "POL"]
[SourceTitle "EXT 2010"]
[Source "ChessBase"]
[SourceDate "2010.11.25"]
[SourceVersion "1"]
[SourceVersionDate "2010.11.25"]
[SourceQuality "1"]

1. d4 Nf6 2. c4 e6 3. Nf3 b6 4. Nc3 Bb4 5. Qc2 Bb7 6. Bd2 0-0 7. e3 Bxc3 8. Bxc3 Ne4 9. Bd3 f5 10. 0-0 d6 11. Rae1 Nd7 12. Nd2 Ndf6 13. f3 Nxc3 14. Qxc3 Qd7 15. e4 fxe4 16. fxe4 e5 17. dxe5 dxe5 18. Nf3 Rae8 19. Bc2 Qe7 20. b4 c5 21. b5 Nh5 22. g3 Bc8 23. Nh4 g6 24. Rxf8+ Rxf8 25. Nf3 Qf6 26. Bd1 Bg4 27. Re3 Ng7 28. Be2 Bxf3 29. Rxf3 Qg5 30. Rxf8+ Kxf8 31. Qd3 Ne6 32. Qd6+ Kf7 33. Qd7+ Qe7 34. Qd5 Kf6 35. Bg4 Nd4 36. Kg2 h5 37. Bd7 Kg7 38. Qb7 Kh6 39. Qc8 Qf6 40. h4 Qf3+ 41. Kh2 Qf2+ 0-1

[Event "Warsaw Elo-A"]
[Site "Warsaw"]
[Date "2008.01.11"]
[Round "2"]
[White "Borysiak, Boguslaw"]
[Black "Gasik, Piotr"]
[Result "0-1"]
[WhiteElo "2186"]
[BlackElo "2090"]
[PlyCount "57"]
[EventDate "2008.01.04"]
[EventType "tourn"]
[EventRounds "13"]
[EventCountry "POL"]
[SourceTitle "EXT 2010"]
[Source "ChessBase"]
[SourceDate "2010.11.25"]
[SourceVersion "1"]
[SourceVersionDate "2010.11.25"]
[SourceQuality "1"]

1. c4 e5 2. Nf3 Nc6 3. d3 Nf6 4. Nc3 d5 5. cxd5 Nxd5 6. g3 Be7 7. Bg2 Nb6 8. 0-0 0-0 9. Bd2 Re8 10. Rc1 Bf8 11. Ne4 Nd4 12. Nxd4 exd4 13. Re1 c6 14. b4 Nd5 15. a3 a5 16. Qa4 Nb6 17. Qb3 Be6 18. Qb2 axb4 19. axb4 Na4 20. Qc2 Qb6 21. Ng5 Bg4 22. Qb3 Re7 23. h3 Bf5 24. g4 Bg6 25. f4 h6 26. f5 Bxf5 27. gxf5 hxg5 28. Be4 Re5 29. Ra1 0-1

[Event "POL-chT 2nd League"]
[Site "Wysowa"]
[Date "2007.09.06"]
[Round "4"]
[White "Janiszewski, Maciej"]
[Black "Borysiak, Boguslaw"]
[Result "1-0"]
[WhiteElo "2083"]
[BlackElo "2203"]
[PlyCount "57"]
[EventDate "2007.09.03"]
[EventType "team-swiss"]
[EventRounds "9"]
[EventCountry "POL"]
[SourceTitle "EXT 2010"]
[Source "ChessBase"]
[SourceDate "2010.11.25"]
[SourceVersion "1"]
[SourceVersionDate "2010.11.25"]
[SourceQuality "1"]
[WhiteTeam "Szopienice HetMaN"]
[BlackTeam "Milanowek UKS Jedwabnik"]
[WhiteTeamCountry "POL"]
[BlackTeamCountry "POL"]

1. e4 c5 2. Nf3 Nc6 3. d4 cxd4 4. Nxd4 Nf6 5. Nc3 d6 6. Bc4 e6 7. Be3 Be7 8. Qe2 0-0 9. 0-0-0 a6 10. g4 Ne5 11. Bb3 Nexg4 12. Bg5 Qa5 13. f4 h6 14. h3 e5 15. Nf5 Bxf5 16. exf5 Nf2 17. Bxf6 Nxd1 18. Bxe7 Nxc3 19. bxc3 Qxc3 20. Kb1 exf4 21. Qg4 f3 22. f6 g5 23. Qh5 Kh7 24. h4 f2 25. hxg5 Qe1+ 26. Qd1 Qxd1+ 27. Rxd1 hxg5 28. Rf1 Kg6 29. Rxf2 1-0

[Event "POL-chT 2nd League"]
[Site "Wysowa"]
[Date "2007.09.04"]
[Round "2"]
[White "Malczyk, Rafal"]
[Black "Borysiak, Boguslaw"]
[Result "1/2-1/2"]
[WhiteElo "2113"]
[BlackElo "2203"]
[PlyCount "109"]
[EventDate "2007.09.03"]
[EventType "team-swiss"]
[EventRounds "9"]
[EventCountry "POL"]
[SourceTitle "EXT 2010"]
[Source "ChessBase"]
[SourceDate "2010.11.25"]
[SourceVersion "1"]
[SourceVersionDate "2010.11.25"]
[SourceQuality "1"]
[WhiteTeam "Olsztyn AZS UMW"]
[BlackTeam "Milanowek UKS Jedwabnik"]
[WhiteTeamCountry "POL"]
[BlackTeamCountry "POL"]

1. d4 e6 2. Nf3 Nf6 3. Bg5 h6 4. Bh4 g5 5. Bg3 Bg7 6. h3 0-0 7. Nbd2 d5 8. e3 Ne4 9. Nxe4 dxe4 10. Ne5 f5 11. Qd2 c5 12. c3 cxd4 13. cxd4 Nd7 14. Nc4 Nf6 15. Be2 Bd7 16. 0-0 Bc6 17. Rac1 Bd5 18. a4 b6 19. Na3 Rf7 20. Nb5 Rd7 21. Qc3 Bb7 22. b4 Nd5 23. Qd2 Bf8 24. Rc4 a6 25. Na3 a5 26. Nc2 axb4 27. Nxb4 Nxb4 28. Rxb4 Bxb4 29. Qxb4 f4 30. exf4 Rxd4 31. Qb3 Bd5 32. Qb2 Raxa4 33. fxg5 hxg5 34. Be5 Rdb4 35. Qd2 Qe7 36. Bc3 Ra2 37. Bxb4 Rxd2 38. Bxe7 Rxe2 39. Bxg5 b5 40. Rb1 Bc4 41. Be3 e5 42. g4 Bd3 43. Rb4 Ra2 44. Kh2 Bc4 45. g5 Ra4 46. Rb2 b4 47. h4 b3 48. Bd2 Kf7 49. h5 Ke6 50. Kg3 Kf5 51. g6 Ra1 52. Kg2 Ra8 53. g7 Rg8 54. h6 Kg6 55. Kg3 1/2-1/2

[Event "Warsaw YMCA Summer-A 38th"]
[Site "Warsaw"]
[Date "2007.08.10"]
[Round "6"]
[White "Zurkowski, Andrzej"]
[Black "Borysiak, Boguslaw"]
[Result "1-0"]
[WhiteElo "2015"]
[BlackElo "2203"]
[PlyCount "73"]
[EventDate "2007.07.06"]
[EventType "tourn"]
[EventRounds "10"]
[EventCountry "POL"]
[SourceTitle "EXT 2011"]
[Source "ChessBase"]
[SourceDate "2010.11.26"]
[SourceVersion "1"]
[SourceVersionDate "2010.11.26"]
[SourceQuality "1"]

1. d4 g6 2. c4 Bg7 3. Nc3 c5 4. d5 d6 5. e4 Bxc3+ 6. bxc3 Nf6 7. Qc2 0-0 8. Bd3 Qc7 9. Ne2 b5 10. 0-0 Nbd7 11. Ng3 Ne5 12. cxb5 Nxd3 13. Qxd3 c4 14. Qd4 Bd7 15. Bg5 Kg7 16. a4 h6 17. Be3 Kh7 18. h3 Ng8 19. f4 f5 20. e5 dxe5 21. fxe5 e6 22. d6 Qc8 23. h4 a6 24. b6 Qc6 25. a5 Bc8 26. Rf3 Bb7 27. Ne2 Qe4 28. Rg3 Qxd4 29. cxd4 Kg7 30. Nf4 Kf7 31. Nxg6 Rfc8 32. Nf4 c3 33. Nh5 Rab8 34. Rg7+ Kf8 35. Rc1 c2 36. Rc7 Be4 37. Ng7 1-0

[Event "Warsaw YMCA Summer-A 38th"]
[Site "Warsaw"]
[Date "2007.08.09"]
[Round "7"]
[White "Borysiak, Boguslaw"]
[Black "Proszynski, Waldemar"]
[Result "1-0"]
[WhiteElo "2203"]
[BlackElo "2078"]
[PlyCount "109"]
[EventDate "2007.07.06"]
[EventType "tourn"]
[EventRounds "10"]
[EventCountry "POL"]
[SourceTitle "EXT 2011"]
[Source "ChessBase"]
[SourceDate "2010.11.26"]
[SourceVersion "1"]
[SourceVersionDate "2010.11.26"]
[SourceQuality "1"]

1. c4 Nf6 2. g3 c5 3. Bg2 Nc6 4. Nc3 g6 5. Nf3 Bg7 6. 0-0 0-0 7. d4 cxd4 8. Nxd4 Nxd4 9. Qxd4 d6 10. Qd3 Bf5 11. e4 Be6 12. Bd2 Ng4 13. b3 Ne5 14. Qe2 Qd7 15. Rac1 Bh3 16. Be3 Bxg2 17. Kxg2 Ng4 18. Bd2 Nf6 19. Rfd1 b6 20. f3 Qb7 21. Be3 Nd7 22. Bf2 Rad8 23. Nd5 Ne5 24. f4 Nc6 25. Kg1 e6 26. Nc3 Rd7 27. Qf3 Ne7 28. Kg2 Rfd8 29. Rd2 h5 30. Bd4 Bxd4 31. Rxd4 a6 32. Rcd1 Nc6 33. R4d2 Ne7 34. e5 d5 35. cxd5 exd5 36. Ne2 Rc7 37. Nd4 Qc8 38. Re2 Rc3 39. Rd3 Rc1 40. e6 f6 41. f5 Kg7 42. fxg6 Kxg6 43. g4 Rg8 44. gxh5+ Kh7+ 45. Kh3 Qe8 46. Nf5 Rg5 47. Ng3 Rg1 48. Rg2 Re1 49. Qxf6 Rg7 50. Rf2 Rg1 51. Rd4 Ng8 52. Qf5+ Kh8 53. Rg4 Rxg4 54. Qxg4 Qe7 55. Rf7 1-0

[Event "Warsaw YMCA Summer-A 38th"]
[Site "Warsaw"]
[Date "2007.07.18"]
[Round "10"]
[White "Bielinski, Leszek"]
[Black "Borysiak, Boguslaw"]
[Result "1-0"]
[WhiteElo "2139"]
[BlackElo "2203"]
[PlyCount "125"]
[EventDate "2007.07.06"]
[EventType "tourn"]
[EventRounds "10"]
[EventCountry "POL"]
[SourceTitle "EXT 2011"]
[Source "ChessBase"]
[SourceDate "2010.11.26"]
[SourceVersion "1"]
[SourceVersionDate "2010.11.26"]
[SourceQuality "1"]

1. e4 c6 2. d4 d5 3. exd5 cxd5 4. c4 Nf6 5. Nc3 g6 6. Bg5 Bg7 7. Bxf6 Bxf6 8. Nxd5 Bg7 9. Nf3 Bg4 10. Be2 Nc6 11. 0-0 0-0 12. g3 e6 13. Ne3 Bxf3 14. Bxf3 Nxd4 15. Bg2 Qb6 16. Qa4 Rfd8 17. Rab1 Ne2+ 18. Kh1 Rd2 19. c5 Qxc5 20. Bxb7 Rb8 21. Bf3 Rbxb2 22. Rxb2 Rxb2 23. Nc4 Qf5 24. Kg2 Nd4 25. Ba8 Rc2 26. Ne3 Qc5 27. Nxc2 Nxc2 28. Qe8+ Bf8 29. Qc6 Nd4 30. Qxc5 Bxc5 31. Rc1 Bb6 32. a4 Kf8 33. Rc4 Nf5 34. Bc6 Ke7 35. Bb5 Nd6 36. Rc6 Nf5 37. Kf1 h5 38. h3 Nd4 39. Rc8 Nf5 40. Ra8 Nd6 41. Bc6 Nc4 42. Ke2 Kd6 43. Be8 Ke7 44. Bb5 Nd6 45. Bd3 Nb7 46. Rc8 Nd6 47. Ra8 Nb7 48. f3 Kf6 49. f4 Ke7 50. Bb5 Nd6 51. g4 hxg4 52. hxg4 Nxb5 53. axb5 Bg1 54. g5 Bb6 55. Rb8 e5 56. fxe5 Ke6 57. Rb7 Bg1 58. Kf3 Bb6 59. Ke4 Bg1 60. Rc7 Bb6 61. Rc6+ Ke7 62. Kd5 Be3 63. Rc7+ 1-0

[Event "Warsaw YMCA Winter-A 31st"]
[Site "Warsaw"]
[Date "2007.01.26"]
[Round "5"]
[White "Borysiak, Boguslaw"]
[Black "Bartel, Michal"]
[Result "0-1"]
[WhiteElo "2218"]
[BlackElo "2226"]
[PlyCount "102"]
[EventDate "2006.12.27"]
[EventType "tourn"]
[EventRounds "13"]
[EventCountry "POL"]
[SourceTitle "EXT 2011"]
[Source "ChessBase"]
[SourceDate "2010.11.26"]
[SourceVersion "1"]
[SourceVersionDate "2010.11.26"]
[SourceQuality "1"]

1. c4 Nf6 2. Nc3 c5 3. Nf3 e6 4. e4 d6 5. d4 cxd4 6. Nxd4 a6 7. g4 Qc7 8. Be3 b6 9. g5 Nfd7 10. Rc1 Bb7 11. Bg2 Be7 12. 0-0 Nf8 13. Qg4 Nbd7 14. f4 Rc8 15. Nd5 exd5 16. cxd5 Qd8 17. Rxc8 Bxc8 18. Rc1 Nc5 19. Qe2 a5 20. Nc6 Ba6 21. Qh5 Qc7 22. e5 Ng6 23. Qg4 0-0 24. Bxc5 bxc5 25. Re1 Bc8 26. Qg3 Bd7 27. h4 Bxc6 28. dxc6 dxe5 29. fxe5 Rd8 30. h5 Nf8 31. Rf1 c4 32. Kh1 Bc5 33. Be4 g6 34. h6 Bd4 35. Qf3 Bxe5 36. Bd5 Ne6 37. Qe4 Nxg5 38. Qxc4 Rf8 39. Qg4 Qc8 40. Qxc8 Rxc8 41. b3 Kf8 42. a3 Bd6 43. b4 axb4 44. a4 Bc7 45. Rc1 Ke7 46. Rc4 Rb8 47. a5 Bxa5 48. c7 Bxc7 49. Rxc7+ Kd6 50. Ra7 Kxd5 51. Ra5+ Ke4 0-1

[Event "POL-chT 2nd League"]
[Site "Lublin"]
[Date "2006.09.06"]
[Round "5.58"]
[White "Borysiak, Boguslaw"]
[Black "Rams, Michal"]
[Result "0-1"]
[WhiteElo "2225"]
[BlackElo "2194"]
[PlyCount "76"]
[EventDate "2006.09.02"]
[EventType "team-swiss"]
[EventRounds "9"]
[EventCountry "POL"]
[SourceTitle "EXT 2019"]
[Source "ChessBase"]
[SourceDate "2018.10.10"]
[SourceVersion "1"]
[SourceVersionDate "2018.10.10"]
[SourceQuality "1"]
[WhiteTeam "Milanowek UKS Jedwabnik"]
[BlackTeam "Warszawa YMCA"]
[WhiteTeamCountry "POL"]
[BlackTeamCountry "POL"]

1. c4 g6 2. g3 Bg7 3. Bg2 d6 4. d3 Nf6 5. Nf3 0-0 6. 0-0 c5 7. Nc3 Nc6 8. Bd2 Rb8 9. a3 a6 10. Ne1 Bd7 11. Nc2 b5 12. cxb5 axb5 13. b4 Nd4 14. bxc5 Nb3 15. Rb1 Nxd2 16. Qxd2 dxc5 17. d4 Qc8 18. Rfd1 Bc6 19. d5 Rd8 20. Qe1 Ba8 21. e4 Qa6 22. Bf1 c4 23. Rb4 e6 24. dxe6 Qxe6 25. Rxd8+ Rxd8 26. f3 Qb6+ 27. Kh1 Ng4 28. Nd5 Bxd5 29. exd5 Nf2+ 30. Kg2 Nd3 31. Bxd3 cxd3 32. Ne3 Bd4 33. Nf1 Qc5 34. Qe4 Rxd5 35. Nd2 Bc3 36. Qe8+ Qf8 37. Qc6 Rc5 38. Qd7 Bxd2 0-1